KOHA-Header-6

Guinness World Records 2011 (Record no. 6500)

000 -LEADER
fixed length control field 00270nam a2200109Ia 4500
100 ## - MAIN ENTRY--AUTHOR NAME
Personal name Craig Glenday
245 #0 - TITLE STATEMENT
Title Guinness World Records 2011
260 ## - PUBLICATION, DISTRIBUTION, ETC. (IMPRINT)
Place of publication Karachi
Name of publisher SMIU University
Year of publication 2003
300 ## - PHYSICAL DESCRIPTION
Number of Pages 2011
942 ## - ADDED ENTRY ELEMENTS (KOHA)
Koha item type Books
Holdings
Withdrawn status Lost status Collection code Permanent Location Current Location Shelving location Date acquired Full call number Accession Number Koha item type
    English Literature MAJU MAJU Shelf No.A15 2019-09-07 005.2 6055 English Literature

Powered by Koha